| 000 | 00344nam a2200145Ia 4500 | ||
|---|---|---|---|
| 005 | 20251222144636.0 | ||
| 008 | 251222s9999||||xx |||||||||||||| ||spa|| | ||
| 020 | _a8472233642 | ||
| 082 | _a863.7/G78 | ||
| 100 | _aGrandes, Almudena | ||
| 245 | 0 | _aLas Edades de LulĂș | |
| 250 | _a3ra.ed | ||
| 264 | _bTus Quets Editores, S.A. | ||
| 942 | _cLIB | ||
| 999 |
_c16510 _d16510 |
||